00605 2200217 4500001002100000005001500021035002000036007000300056008004100059020001800100082001200118084001800130100001800148245008900166250001100255260004000266300002800306650002100334700002000355990001200375INLIS00000000001337720220714021123 a0010-0722000861ta220714 g 0 ind  a9789790154636 a645.747 a645.747 NEI m0 aNEIL, bingham1 aModernretro :bMenghidupkan gaya mid-century modern /cNeil Bingham & Andrew Weaving acet. 1 aJakarta :bPenerbit Erlangga,c2005 a143 hlm ;c17 x 14,5 cm 4aDekorasi ruangan0 aANDREW, weaving a13.738a